000 00379nam a2200157Ia 4500
005 20250423095839.0
008 250422s9999 xx 000 0 und d
020 _a0- 07- 049217- 4
050 _aQA 76.9. C65/
100 _aC. Dennis Pegden
245 0 _aIntroduction to simulation using SIMAN
260 _bMcGraw- Hill
260 _c1990
300 _a615 p
942 _cBK
999 _c31514
_d31514